000 01312nam0a2200349 4500
001 RU\NLR\bibl\1375080
005 20260408235107.0
010 _a978-5-7429-0395-6
_96000
021 _aRU
_b2009-25704
_91527
035 _a(nilc)RSL-KNO-004273389
035 _a(NLR Aleph) 001367191
090 _a1018494
_c1018494
100 _a20090331d2009 |||y0rusy50 ca
101 0 _arus
_achu
_agre
_alat
102 _aRU
105 _ay |||||||||
200 1 _aБогослужения Триоди Цветной
_f[сост. С. Пантелеев]
210 _aМосква
_cИзд-во Православного Свято-Тихоновского гуманитарного университета
_d2009
215 _a830, [2] с.
_d17
300 _aТекст рус., греч., лат., церковнославян.
500 _aТриодь цветная
_3RU\NLR\auth\559390
_92631404
605 _aТриодь цветная
_92582917
_3RU\NLR\AUTH\661526810
686 _aЭ372.24-507.14
702 1 _aПантелеев
_bС.
_gСергей
_4220
801 0 _aRU
_bРКП
_c20090331
_grcr
801 1 _aRU
_bРГБ
_c20090331
801 2 _aRU
_bNLR
_c20090602
_grcr
942 _cBOOK
980 _aNB